| 000 | 01190cam a22002774a 4500 | ||
|---|---|---|---|
| 001 | 15337693 | ||
| 005 | 20081126102613.0 | ||
| 008 | 080620s2008 nyu b 001 0 eng | ||
| 010 | _a 2008025912 | ||
| 020 | _a9780061434501 (hardcover) | ||
| 020 | _a9780061434518 (pbk.) | ||
| 040 |
_aDLC _cDLC _dDLC |
||
| 043 | _an-us--- | ||
| 050 | 0 | 0 |
_aHD9565 _b.J84 2008 |
| 082 | 0 | 0 |
_a338.272820973 _222 _bJUH |
| 100 | 1 | _aJuhasz, Antonia. | |
| 245 | 1 | 4 |
_aThe tyranny of oil : _bThe world's most powerful industry--and what we must do to stop it / _cAntonia Juhasz. |
| 260 |
_aNew York, NY : _bWilliam Morrow, _cc2008. |
||
| 300 |
_a468 p. ; _c24 cm. |
||
| 504 | _aIncludes bibliographical references and index. | ||
| 650 | 0 |
_aPetroleum industry and trade _zUnited States. |
|
| 650 | 0 |
_aPetroleum industry and trade _xPolitical aspects _zUnited States. |
|
| 942 |
_2ddc _cBB |
||
| 999 |
_c11052 _d11052 |
||